Designing and Implementing Effective Adapted Physical Education Programs

Saved in:
Bibliographic Details
Main Author: Luke Kelly
Format: Book
Language:English
Tags: Add Tag
No Tags, Be the first to tag this record!
Call Number :

MARC

LEADER 00000nam a2200000 a 4500
001 98158
003 MY-KLNDU
005 20241220022430.0
008 151208 000 0 eng d
020 |a 9781571676733 
039 9 |y 201512081640  |z syarifuddin 
100 1 |a Luke Kelly 
245 1 |a Designing and Implementing Effective Adapted Physical Education Programs 
999 |a vtls000055793  |c 98158  |d 98158